| 000 | 01294cam a22003374a 4500 | ||
|---|---|---|---|
| 001 | 15368152 | ||
| 003 | OSt | ||
| 005 | 20230602153224.0 | ||
| 008 | 080716s2006 ke b 000 0 eng c | ||
| 010 | _a 2008349827 | ||
| 020 | _a9966957642 | ||
| 035 | _a(OCoLC)ocn122269022 | ||
| 040 |
_aCLU _cCLU _dDLC |
||
| 042 |
_apcc _alcode |
||
| 043 | _afe----- | ||
| 082 |
_a305.42 _bEAC |
||
| 100 |
_cFriedrich Ebert Stiftung _d2006 |
||
| 245 | 0 | 0 |
_aWomen & cross border trade in East Africa : _bopportunities and challenges for small scale women traders / _cthe East African Community Customs Union. |
| 246 | 3 | _aWomen and cross border trade in East Africa | |
| 260 |
_aNairobi : _bFriedrich Ebert Stiftung : _bCollaborative Centre for Gender and Development, _c2006. |
||
| 300 |
_a62 p. ; _c21 cm. |
||
| 504 | _aIncludes bibliographical references (p. 62). | ||
| 610 | 2 | 0 |
_aEast African Community. _bCustoms Union. |
| 650 | 0 |
_aWomen _zAfrica, Eastern _xEconomic conditions. |
|
| 651 | 0 |
_aAfrica, Eastern _xCommerce. |
|
| 710 | 2 |
_aEast African Community. _bCustoms Union. |
|
| 710 | 2 | _aCollaborative Centre for Gender and Development (Nairobi, Kenya) | |
| 906 |
_a7 _bcbc _cpccadap _d3 _encip _f20 _gy-gencatlg |
||
| 942 |
_2ddc _cBK |
||
| 999 |
_c201 _d201 |
||